LOTR: Trinkets of Middle-Earth: the One Ring - Statistics

General Stats
  • This quiz has been taken 177 times
  • The average score is 8 of 9
Answer Stats
Answer Hints % Correct
5 Bilbo Baggins Stumbled upon the Ring by accident while lost in the caves in the Misty Mountains.
99%
6 Frodo Baggins Inherited the Ring when #5 gave it up after his Farewell Party.
99%
1 Sauron Forger of the One Ring
99%
4 Sméagol/Gollum Murdered his relative #3 and claimed the Ring as his birthday present. Eventually, after almost 500 years, the Ring abandoned him.
99%
2 Isildur Defeated #1 in the War of the Last Alliance. He took the Ring for himself as an heirloom of his house, but lost it in the Anduin during an orc ambush.
93%
9 Samwise Gamgee He bore the Ring for a short time, while his master was in the clutches of Orcs in the Tower of Cirith Ungol.
93%
7 Gandalf He held it for a matter of moments, before throwing it into the hearthfire of Bag End, to confirm that it was the One Ring.
86%
3 Déagol Found the Ring while fishing.
83%
8 Tom Bombadil He wore it on his finger for a moment but was unaffected by it.
59%
No matching quizzes found
Score Distribution
Percent of People with Each Score
Percentile by Number Answered
Your Score History
You have not taken this quiz